[Event "IND-ch U11"]
[Site "Odisha"]
[Date "2014.07.25"]
[Round "3"]
[White "Chaithanya, Ganesh"]
[Black "Gupta, Sankalp"]
[Result "1/2-1/2"]
[WhiteElo "1485"]
[BlackElo "1639"]
[PlyCount "47"]
[EventDate "2014.07.24"]
[EventType "swiss"]
[EventRounds "11"]
[EventCountry "IND"]
[SourceTitle "CBM 161 Extra"]
[Source "ChessBase"]
[SourceDate "2014.08.29"]
[SourceVersion "1"]
[SourceVersionDate "2014.08.29"]
[SourceQuality "1"]

1. e4 c5 2. Nc3 Nc6 3. g3 e5 4. d3 g6 5. Bg2 Bg7 6. Nge2 Nge7 7. 0-0 0-0 8. f4 d6 9. Kh1 Nd4 10. Be3 Rb8 11. Qd2 Be6 12. Nd1 Qd7 13. c3 Nxe2 14. Qxe2 Qc7 15. Qd2 d5 16. d4 dxe4 17. dxe5 Bc4 18. Re1 Bd3 19. Nf2 Rfd8 20. Qc1 Qc6 21. Nxd3 Rxd3 22. Bf2 Rd7 23. Bxe4 Qb5 24. Qc2 1/2-1/2